| 000 | 00000nam 2200000zi 4500 |
| 001 | 9.931332 |
| 003 | CaOODSP |
| 005 | 20240125155420 |
| 006 | m o d f |
| 007 | cr |n||||||||| |
| 008 | 231211s2020 onc ob f000 0 fre d |
| 040 | |aCaOODSP|bfre|erda|cCaOODSP |
| 043 | |an-cn--- |
| 086 | 1 |aNG21-10/2020F-PDF |
| 245 | 03|aLa politique sur la prévention du harcèlement et de la violence. |
| 264 | 1|a[Ottawa] : |bNational Gallery of Canada = Musée des beaux-arts du Canada, |c[2020] |
| 300 | |a1 ressource en ligne (19 pages) |
| 336 | |atexte|btxt|2rdacontent/fre |
| 337 | |ainformatique|bc|2rdamedia/fre |
| 338 | |aressource en ligne|bcr|2rdacarrier/fre |
| 500 | |aTitre de la couverture. |
| 500 | |a« Le conseil d’administration a approuvé cette politique le 8 décembre 2020. »--page couverture. |
| 500 | |aPublié aussi en anglais sous le titre : Harassment and violence prevention policy. |
| 504 | |aComprend des références bibliographiques (page 16). |
| 610 | 26|aMusée des beaux-arts du Canada|xGestion. |
| 650 | 6|aHarcèlement en milieu de travail|zCanada|xPrévention. |
| 650 | 6|aViolence en milieu de travail|zCanada|xPrévention. |
| 710 | 2 |aMusée des beaux-arts du Canada, |eorganisme de publication. |
| 775 | 08|tHarassment and violence prevention policy.|w(CaOODSP)9.931330 |
| 856 | 40|qPDF|s440 Ko|uhttps://publications.gc.ca/collections/collection_2023/mbac-ngc/NG21-10-2020-fra.pdf |